Prestressed concrete design / (Record no. 547012)
[ view plain ]
| 000 -LEADER | |
|---|---|
| fixed length control field | 00586cam a2200181 a 4500 |
| 020 ## - INTERNATIONAL STANDARD BOOK NUMBER | |
| International Standard Book Number | 0419218009 |
| 082 00 - DEWEY DECIMAL CLASSIFICATION NUMBER | |
| Classification number | 624.18341 |
| Author Mark | HUR |
| -- | N-01, P-108 |
| 100 1# - MAIN ENTRY--PERSONAL NAME | |
| Personal name | Hurst, M. K. |
| 9 (RLIN) | 37776 |
| 245 10 - TITLE STATEMENT | |
| Title | Prestressed concrete design / |
| Statement of responsibility, etc. | M.K. Hurst. |
| 250 ## - EDITION STATEMENT | |
| Edition statement | 2nd ed. |
| 260 ## - PUBLICATION, DISTRIBUTION, ETC. | |
| Place of publication, distribution, etc. | London ; |
| -- | New York : |
| Name of publisher, distributor, etc. | E&FN Spon, |
| Date of publication, distribution, etc. | 1998. |
| 300 ## - PHYSICAL DESCRIPTION | |
| Extent | xvii, 257 p. : |
| Other physical details | ill. ; |
| Dimensions | 24 cm. |
| 526 ## - STUDY PROGRAM INFORMATION NOTE | |
| Program name | 0 |
| Interest level | 0 |
| Reading level | 0 |
| Title point value | 624_183410000000000_HUR |
| 650 #0 - SUBJECT ADDED ENTRY--TOPICAL TERM | |
| Topical term or geographic name entry element | NUST |
| 9 (RLIN) | 6342 |
| 650 #0 - SUBJECT ADDED ENTRY--TOPICAL TERM | |
| Topical term or geographic name entry element | Prestressed concrete construction. |
| 9 (RLIN) | 20245 |
| 856 42 - ELECTRONIC LOCATION AND ACCESS | |
| Uniform Resource Identifier | <a href="http://www.loc.gov/catdir/enhancements/fy0651/98166632-d.html">http://www.loc.gov/catdir/enhancements/fy0651/98166632-d.html</a> |
| 942 ## - ADDED ENTRY ELEMENTS (KOHA) | |
| Source of classification or shelving scheme | |
| Koha item type | Book |
| Withdrawn status | Lost status | Source of classification or shelving scheme | Damaged status | Not for loan | Permanent Location | Current Location | Date acquired | Total Checkouts | Full call number | Barcode | Date last seen | Price effective from | Koha item type |
|---|---|---|---|---|---|---|---|---|---|---|---|---|---|
| Military College of Engineering (MCE) | Military College of Engineering (MCE) | 06/27/2014 | 624.18341 HUR | MCE-37227/1 | 06/27/2014 | 06/27/2014 | Book |
